| 000 | 00358nam a2200145Ia 4500 | ||
|---|---|---|---|
| 003 | OSt | ||
| 005 | 20231226045123.0 | ||
| 008 | 170523s9999 xx 000 0 und d | ||
| 020 | _a0070601410 | ||
| 040 | _cIIMTU | ||
| 100 | _aClark- Cory L. | ||
| 245 | 0 | _aLab View Digital Signal Processing and Digital Communications | |
| 260 | _aT.M.H. | ||
| 942 |
_2ddc _c02 |
||
| 999 |
_c12513 _d12513 |
||